000 00631nam a2200277Ia 4500
005 20260324132002.0
008 008 260324s9999 xx 000 0 eng d
020 _a9781315131436
037 _aEBOOK
040 _aCRL
040 _beng
040 _cCRL
041 _2eng
041 _aeng
084 _qCRL
100 _aKenneth Minogue
_91183507
245 4 _aThe Concept of a University
260 _bTaylor and Francis
260 _c2005
365 _a
365 _b230
856 _uhttp://www.taylorfrancis.com/books/9781315131436
942 _cEBOOK
999 _c1785243
_d1785243